| 000 | 00685nam a2200241Ia 4500 | ||
|---|---|---|---|
| 003 | OSt | ||
| 005 | 20220918201946.0 | ||
| 006 | a|||||r|||| 00| 0 | ||
| 007 | ta | ||
| 008 | 220917b |||||||| |||| 00| 0 eng d | ||
| 024 | _a97,728 | ||
| 037 | _cTextual | ||
| 040 |
_aARTS _cARTS _beng |
||
| 041 |
_2eng _aeng |
||
| 082 | _aV2:25wM25, M4.1 | ||
| 100 |
_aNaoroji Dadabhai _9101521 |
||
| 245 | 0 |
_aGrand little man of India _b Dadabhai Naoroji speeches and writings, ed by A M Zaidi |
|
| 260 |
_aDelhi _bS. Chand India _c1984 |
||
| 300 |
_a44p _ccm. |
||
| 650 | _aHISTORY | ||
| 942 |
_hV2:25wM25, M4.1 _cTEXL _2CC |
||
| 999 |
_c221322 _d221322 |
||